[Event "22nd ECCC Women 2017"]
[Site "Antalya"]
[Date "2017.10.12"]
[Round "3"]
[White "Arda, Cagil Irmak"]
[Black "Neuhauser, Salome"]
[Result "1-0"]
[WhiteElo "2040"]
[BlackElo "2140"]
[Annotator "ChessBase"]
[PlyCount "127"]
[EventType "team-tourn"]
[EventCountry "TUR"]
[WhiteTeam "Anatolia"]
[BlackTeam "Mulhouse Philidor"]
[TimeControl "40/5400+30:1800+30"]

1. e4 {[%emt 0:00:30]} c5 {[%emt 0:01:00]} 2. Nf3 {[%emt 0:00:30]} d6 {[%emt 0:00:30]} 3. d4 {[%emt 0:00:30]} cxd4 {[%emt 0:00:30]} 4. Nxd4 {[%emt 0:00:30]} Nf6 {[%emt 0:00:30]} 5. f3 {[%emt 0:00:30]} e5 {[%emt 0:00:30]} 6. Nb3 {[%emt 0:00:30]} d5 {[%emt 0:00:30]} 7. Bg5 {[%emt 0:00:30]} d4 {[%emt 0:00:00]} 8. c3 {[%emt 0:00:00]} Nc6 {[%emt 0:00:00]} 9. Bb5 {[%emt 0:02:00]} h6 {[%emt 0:00:00]} 10. Bh4 {[%emt 0:14:30]} Qb6 {[%emt 0:01:00]} 11. Bxc6+ {[%emt 0:09:30]} bxc6 {[%emt 0:00:00]} 12. cxd4 {[%emt 0:02:30]} Bb4+ {[%emt 0:02:00]} 13. Nc3 {[%emt 0:03:30]} Ba6 {[%emt 0:01:30]} 14. Bf2 {[%emt 0:05:30]} Rd8 {[%emt 0:05:30]} 15. a3 {[%emt 0:03:30]} Be7 {[%emt 0:04:30]} 16. Qc2 {[%emt 0:14:30]} exd4 {[%emt 0:03:30]} 17. Na4 {[%emt 0:00:30]} Qc7 {[%emt 0:09:30]} 18. Nxd4 {[%emt 0:07:30]} O-O {[%emt 0:15:30]} 19. Qxc6 {[%emt 0:08:30]} Qe5 {[%emt 0:31:30]} 20. Qxa6 {[%emt 0:03:30]} Nxe4 {[%emt 0:00:30]} 21. fxe4 {[%emt 0:06:26]} Qxe4+ {[%emt 0:05:16]} 22. Kf1 {[%emt 0:06:52]} Rxd4 {[%emt 0:01:55]} 23. Bxd4 {[%emt 0:05:39]} Qxd4 {[%emt 0:00:05]} 24. Qe2 {[%emt 0:01:44]} Qf4+ {[%emt 0:01:24]} 25. Qf3 {[%emt 0:01:26]} Qxa4 {[%emt 0:00:05]} 26. Re1 {[%emt 0:00:59]} Bf6 {[%emt 0:00:39]} 27. b4 {[%emt 0:00:38]} Rc8 {[%emt 0:01:05]} 28. g3 {[%emt 0:00:33]} Rc2 {[%emt 0:03:01]} 29. Qa8+ {[%emt 0:00:42]} Kh7 {[%emt 0:00:30]} 30. Qe4+ {[%emt 0:00:00]} g6 {[%emt 0:00:00]} 31. Re2 {[%emt 0:00:40]} Rxe2 {[%emt 0:05:06]} 32. Kxe2 {[%emt 0:00:29]} Qxa3 {[%emt 0:01:00]} 33. Rd1 {[%emt 0:00:29]} a5 {[%emt 0:01:12]} 34. Qd5 {[%emt 0:00:47]} axb4 {[%emt 0:02:03]} 35. Qxf7+ {[%emt 0:00:46]} Bg7 {[%emt 0:00:00]} 36. Rd3 {[%emt 0:00:08]} Qb2+ {[%emt 0:00:23]} 37. Rd2 {[%emt 0:00:16]} Qe5+ {[%emt 0:02:30]} 38. Kf2 {[%emt 0:00:18]} h5 {[%emt 0:00:26]} 39. Re2 {[%emt 0:00:53]} Qf6+ {[%emt 0:04:05]} 40. Qxf6 {[%emt 0:00:00]} Bxf6 {[%emt 0:00:15]} 41. Kf3 {[%emt 0:05:45]} b3 {[%emt 0:00:30]} 42. Re6 {[%emt 0:00:30]} b2 {[%emt 0:01:30]} 43. Rb6 {[%emt 0:00:30]} g5 {[%emt 0:05:30]} 44. Ke4 {[%emt 0:01:30]} Kg6 {[%emt 0:00:00]} 45. h3 {[%emt 0:00:00]} g4 {[%emt 0:11:21]} 46. hxg4 {[%emt 0:08:46]} hxg4 {[%emt 0:00:23]} 47. Kf4 {[%emt 0:00:12]} Kf7 {[%emt 0:05:00]} 48. Kf5 {[%emt 0:00:45]} Bd4 {[%emt 0:00:53]} 49. Rb7+ {[%emt 0:00:05]} Ke8 {[%emt 0:00:06]} 50. Kxg4 {[%emt 0:00:10]} Kd8 {[%emt 0:00:00]} 51. Kf5 {[%emt 0:01:10]} Kc8 {[%emt 0:00:00]} 52. Rb3 {[%emt 0:01:59]} Kd7 {[%emt 0:00:05]} 53. Ke4 {[%emt 0:01:18]} Bf6 {[%emt 0:00:02]} 54. Kd5 {[%emt 0:00:00]} Kc7 {[%emt 0:00:20]} 55. g4 {[%emt 0:00:25]} Kd7 {[%emt 0:02:16]} 56. Rb7+ {[%emt 0:00:52]} Kc8 {[%emt 0:00:06]} 57. Kc6 {[%emt 0:00:14]} Kd8 {[%emt 0:00:07]} 58. Kd6 {[%emt 0:00:44]} Kc8 {[%emt 0:00:07]} 59. Rb5 {[%emt 0:00:13]} Bg7 {[%emt 0:00:29]} 60. g5 {[%emt 0:00:36]} Bf8+ {[%emt 0:00:10]} 61. Ke6 {[%emt 0:00:00]} Bg7 {[%emt 0:00:10]} 62. Kf7 {[%emt 0:00:00]} Bd4 {[%emt 0:01:40]} 63. g6 {[%emt 0:00:20]} Kc7 {[%emt 0:00:00]} 64. g7 {[%emt 0:00:00]} 1-0

[Event "22nd ECCC Women 2017"]
[Site "Antalya"]
[Date "2017.10.12"]
[Round "3"]
[White "Ozbay, Ece"]
[Black "Ovechkin, Lilia"]
[Result "1-0"]
[WhiteElo "1998"]
[BlackElo "1779"]
[Annotator "NA"]
[PlyCount "77"]
[EventType "team-tourn"]
[EventCountry "TUR"]
[WhiteTeam "Marmara"]
[BlackTeam "Beer Sheva"]
[TimeControl "40/5400+30:1800+30"]

1. e4 {[%emt 0:00:30]} d5 {[%emt 0:01:00]} 2. exd5 {[%emt 0:00:00]} Qxd5 {[%emt 0:04:30]} 3. Nc3 {[%emt 0:00:00]} Qd6 {[%emt 0:04:30]} 4. d4 {[%emt 0:08:30]} Nf6 {[%emt 0:01:30]} 5. g3 {[%emt 0:05:30]} c6 {[%emt 0:03:30]} 6. Bf4 {[%emt 0:03:30]} Qb4 {[%emt 0:04:30]} 7. a3 {[%emt 0:02:30]} Qa5 {[%emt 0:03:30]} 8. Bg2 {[%emt 0:07:30]} e6 {[%emt 0:03:30]} 9. Qe2 {[%emt 0:11:30]} Be7 {[%emt 0:02:30]} 10. Nf3 {[%emt 0:04:30]} O-O {[%emt 0:04:30]} 11. Ne5 {[%emt 0:05:30]} Nd5 {[%emt 0:07:30]} 12. Bd2 {[%emt 0:00:30]} Nxc3 {[%emt 0:13:30]} 13. Bxc3 {[%emt 0:00:30]} Qc7 {[%emt 0:00:30]} 14. h4 {[%emt 0:07:30]} f6 {[%emt 0:05:30]} 15. Nd3 {[%emt 0:00:30]} Bd6 {[%emt 0:00:30]} 16. f4 {[%emt 0:02:30]} Bd7 {[%emt 0:05:30]} 17. O-O-O {[%emt 0:03:30]} Na6 {[%emt 0:01:30]} 18. Bh3 {[%emt 0:06:30]} Rae8 {[%emt 0:00:30]} 19. Rhe1 {[%emt 0:00:30]} Qc8 {[%emt 0:00:30]} 20. g4 {[%emt 0:01:30]} Nc7 {[%emt 0:02:30]} 21. g5 {[%emt 0:05:30]} fxg5 {[%emt 0:03:30]} 22. fxg5 {[%emt 0:00:00]} Nd5 {[%emt 0:02:30]} 23. Bd2 {[%emt 0:00:00]} Qc7 {[%emt 0:01:30]} 24. Ne5 {[%emt 0:01:30]} Bc8 {[%emt 0:04:51]} 25. Rf1 {[%emt 0:03:53]} Qe7 {[%emt 0:00:38]} 26. g6 {[%emt 0:01:49]} h6 {[%emt 0:01:23]} 27. Nf7 {[%emt 0:01:05]} Bxa3 {[%emt 0:00:37]} 28. Qh5 {[%emt 0:01:53]} Nf6 {[%emt 0:02:13]} 29. Rxf6 {[%emt 0:01:28]} Bxb2+ {[%emt 0:01:15]} 30. Kxb2 {[%emt 0:00:27]} Qxf6 {[%emt 0:00:27]} 31. Bg5 {[%emt 0:00:26]} Rxf7 {[%emt 0:04:57]} 32. Bxf6 {[%emt 0:00:54]} Rxf6 {[%emt 0:00:20]} 33. Qe5 {[%emt 0:01:58]} Rd8 {[%emt 0:04:04]} 34. h5 {[%emt 0:00:31]} Rd5 {[%emt 0:00:18]} 35. Qc7 {[%emt 0:00:03]} Bd7 {[%emt 0:01:42]} 36. Rf1 {[%emt 0:01:28]} Rxf1 {[%emt 0:02:25]} 37. Bxf1 {[%emt 0:00:30]} Kf8 {[%emt 0:00:08]} 38. Bc4 {[%emt 0:01:07]} Rxd4 {[%emt 0:00:33]} 39. Qd8+ {[%emt 0:00:11]} 1-0

[Event "22nd ECCC Women 2017"]
[Site "Antalya"]
[Date "2017.10.11"]
[Round "3"]
[White "Sahin, Handenur"]
[Black "Kaplan, Ebru"]
[Result "1-0"]
[WhiteElo "1960"]
[BlackElo "2001"]
[Annotator "NA"]
[PlyCount "85"]
[EventType "team-tourn"]
[EventCountry "TUR"]
[WhiteTeam "Aegean"]
[BlackTeam "Mediterranean"]
[TimeControl "40/5400+30:1800+30"]

1. e4 {[%emt 0:00:30]} e5 {[%emt 0:01:00]} 2. Nf3 {[%emt 0:00:30]} Nc6 {[%emt 0:00:30]} 3. Bb5 {[%emt 0:00:30]} a6 {[%emt 0:00:00]} 4. Ba4 {[%emt 0:00:00]} Nf6 {[%emt 0:00:00]} 5. d3 {[%emt 0:00:00]} d6 {[%emt 0:01:30]} 6. c3 {[%emt 0:00:30]} Be7 {[%emt 0:00:30]} 7. O-O {[%emt 0:00:30]} O-O {[%emt 0:02:30]} 8. Re1 {[%emt 0:00:30]} Re8 {[%emt 0:03:30]} 9. Nbd2 {[%emt 0:02:30]} b5 {[%emt 0:03:30]} 10. Bc2 {[%emt 0:00:30]} Bf8 {[%emt 0:03:30]} 11. Nf1 {[%emt 0:09:30]} h6 {[%emt 0:04:30]} 12. d4 {[%emt 0:08:30]} Bg4 {[%emt 0:17:30]} 13. d5 {[%emt 0:08:30]} Ne7 {[%emt 0:09:30]} 14. h3 {[%emt 0:07:30]} Bh5 {[%emt 0:00:00]} 15. Ng3 {[%emt 0:07:30]} Bg6 {[%emt 0:00:00]} 16. Nh4 {[%emt 0:00:30]} Bh7 {[%emt 0:02:30]} 17. Qf3 {[%emt 0:01:30]} Nexd5 {[%emt 0:08:30]} 18. Nhf5 {[%emt 0:05:30]} Nb6 {[%emt 0:04:30]} 19. Bb3 {[%emt 0:04:30]} a5 {[%emt 0:05:30]} 20. a3 {[%emt 0:06:30]} Rb8 {[%emt 0:07:30]} 21. Rd1 {[%emt 0:07:30]} c5 {[%emt 0:07:13]} 22. Ne3 {[%emt 0:10:03]} c4 {[%emt 0:01:49]} 23. Ba2 {[%emt 0:03:25]} Na4 {[%emt 0:01:54]} 24. Nd5 {[%emt 0:02:49]} Nxd5 {[%emt 0:02:01]} 25. Rxd5 {[%emt 0:00:07]} Qf6 {[%emt 0:04:16]} 26. Qe2 {[%emt 0:04:55]} Qe6 {[%emt 0:00:56]} 27. Rxb5 {[%emt 0:02:38]} Nb6 {[%emt 0:05:34]} 28. Be3 {[%emt 0:01:25]} d5 {[%emt 0:02:08]} 29. exd5 {[%emt 0:01:44]} Nxd5 {[%emt 0:00:09]} 30. Qxc4 {[%emt 0:00:21]} Nxe3 {[%emt 0:01:08]} 31. fxe3 {[%emt 0:02:02]} Qd7 {[%emt 0:00:49]} 32. Rxb8 {[%emt 0:01:26]} Rxb8 {[%emt 0:00:07]} 33. Rf1 {[%emt 0:00:24]} Bg6 {[%emt 0:00:39]} 34. b4 {[%emt 0:00:27]} Rc8 {[%emt 0:00:51]} 35. Qa6 {[%emt 0:00:51]} Rxc3 {[%emt 0:00:40]} 36. Qxg6 {[%emt 0:00:37]} Rc7 {[%emt 0:01:08]} 37. Nh5 {[%emt 0:00:48]} Kh8 {[%emt 0:00:28]} 38. Bxf7 {[%emt 0:00:47]} Rc6 {[%emt 0:00:33]} 39. Qe4 {[%emt 0:00:27]} Rc8 {[%emt 0:00:30]} 40. Qxe5 {[%emt 0:00:00]} Qa7 {[%emt 0:01:07]} 41. Rf6 {[%emt 0:07:44]} Rc1+ {[%emt 0:04:30]} 42. Kh2 {[%emt 0:00:30]} Kh7 {[%emt 0:00:30]} 43. Bg6+ {[%emt 0:00:30]} 1-0

[Event "22nd ECCC Women 2017"]
[Site "Antalya"]
[Date "2017.10.11"]
[Round "3"]
[White "Brusilovski, Lena"]
[Black "Hereklioglu, Sude"]
[Result "0-1"]
[WhiteElo "1881"]
[BlackElo "2165"]
[Annotator "ChessBase"]
[PlyCount "50"]
[EventType "team-tourn"]
[EventCountry "TUR"]
[WhiteTeam "Beer Sheva"]
[BlackTeam "Marmara"]
[TimeControl "40/5400+30:1800+30"]

1. e4 {[%emt 0:00:30]} c5 {[%emt 0:01:00]} 2. Nf3 {[%emt 0:01:30]} a6 {[%emt 0:00:00]} 3. d4 {[%emt 0:01:30]} cxd4 {[%emt 0:00:00]} 4. Nxd4 {[%emt 0:00:30]} Nf6 {[%emt 0:00:30]} 5. Nc3 {[%emt 0:03:30]} e5 {[%emt 0:00:30]} 6. Nf3 {[%emt 0:02:30]} Bb4 {[%emt 0:02:30]} 7. Bd2 {[%emt 0:00:30]} d6 {[%emt 0:02:30]} 8. Bd3 {[%emt 0:01:30]} Nc6 {[%emt 0:00:30]} 9. a3 {[%emt 0:02:30]} Bxc3 {[%emt 0:06:30]} 10. Bxc3 {[%emt 0:00:30]} Bg4 {[%emt 0:01:30]} 11. h3 {[%emt 0:01:30]} Bh5 {[%emt 0:02:30]} 12. g4 {[%emt 0:01:30]} Bg6 {[%emt 0:00:30]} 13. Qe2 {[%emt 0:00:30]} Nd7 {[%emt 0:06:30]} 14. O-O-O {[%emt 0:03:30]} Nc5 {[%emt 0:03:30]} 15. Nh2 {[%emt 0:10:30]} Na4 {[%emt 0:10:30]} 16. Be1 {[%emt 0:08:30]} Nd4 {[%emt 0:02:30]} 17. Qd2 {[%emt 0:01:30]} Nc5 {[%emt 0:01:30]} 18. Qe3 {[%emt 0:08:30]} Rc8 {[%emt 0:04:30]} 19. Kb1 {[%emt 0:12:30]} Nxd3 {[%emt 0:04:30]} 20. cxd3 {[%emt 0:00:30]} Nc2 {[%emt 0:00:30]} 21. Qa7 {[%emt 0:01:30]} Qc7 {[%emt 0:02:30]} 22. Bd2 {[%emt 0:04:30]} O-O {[%emt 0:09:30]} 23. Be3 {[%emt 0:02:30]} Nxa3+ {[%emt 0:00:30]} 24. bxa3 {[%emt 0:01:30]} Qc2+ {[%emt 0:00:30]} 25. Ka1 {[%emt 0:00:30]} Rc3 {[%emt 0:00:30]} 0-1

[Event "22nd ECCC Women 2017"]
[Site "Antalya"]
[Date "2017.10.11"]
[Round "3"]
[White "Celik, Eda"]
[Black "Can, Isil"]
[Result "1-0"]
[WhiteElo "1880"]
[BlackElo "1791"]
[Annotator "NA"]
[PlyCount "33"]
[EventType "team-tourn"]
[EventCountry "TUR"]
[WhiteTeam "Aegean"]
[TimeControl "40/5400+30:1800+30"]

1. d4 {[%emt 0:00:30]} d5 {[%emt 0:01:00]} 2. Bf4 {[%emt 0:00:30]} c6 {[%emt 0:00:30]} 3. e3 {[%emt 0:03:30]} Bf5 {[%emt 0:00:00]} 4. c4 {[%emt 0:00:30]} e6 {[%emt 0:00:00]} 5. Nc3 {[%emt 0:00:30]} Nf6 {[%emt 0:00:30]} 6. Qb3 {[%emt 0:02:30]} Qb6 {[%emt 0:00:30]} 7. c5 {[%emt 0:00:30]} Qxb3 {[%emt 0:01:30]} 8. axb3 {[%emt 0:00:30]} a6 {[%emt 0:04:30]} 9. Nf3 {[%emt 0:02:30]} h6 {[%emt 0:02:30]} 10. h3 {[%emt 0:00:30]} g5 {[%emt 0:02:30]} 11. Bh2 {[%emt 0:06:30]} Bg7 {[%emt 0:02:30]} 12. b4 {[%emt 0:02:30]} Ne4 {[%emt 0:16:30]} 13. Nd2 {[%emt 0:17:30]} Nxd2 {[%emt 0:09:30]} 14. Kxd2 {[%emt 0:00:00]} Ke7 {[%emt 0:05:30]} 15. Bd6+ {[%emt 0:05:00]} Kd7 {[%emt 0:00:30]} 16. Na4 {[%emt 0:02:30]} Kd8 {[%emt 0:01:30]} 17. Nb6 {[%emt 0:00:30]} 1-0

[Event "22nd ECCC Women 2017"]
[Site "Antalya"]
[Date "2017.10.12"]
[Round "3"]
[White "Ince, Safiye Oyku"]
[Black "Ayan, Bengu Sena"]
[Result "0-1"]
[WhiteElo "1861"]
[BlackElo "1888"]
[Annotator "NA RC"]
[PlyCount "66"]
[EventType "team-tourn"]
[EventCountry "TUR"]
[WhiteTeam "Mediterranean"]
[BlackTeam "Aegean"]
[TimeControl "40/5400+30:1800+30"]

1. e4 {[%emt 0:00:30]} e6 {[%emt 0:01:00]} 2. b3 {[%emt 0:00:30]} d5 {[%emt 0:00:30]} 3. Bb2 {[%emt 0:00:30]} dxe4 {[%emt 0:00:30]} 4. Nc3 {[%emt 0:00:30]} Nf6 {[%emt 0:00:00]} 5. Qe2 {[%emt 0:00:00]} Bb4 {[%emt 0:00:00]} 6. O-O-O {[%emt 0:00:00]} Bxc3 {[%emt 0:01:30]} 7. dxc3 {[%emt 0:00:00]} Qe7 {[%emt 0:00:00]} 8. g4 {[%emt 0:00:00]} h5 {[%emt 0:14:00]} 9. g5 {[%emt 0:16:30]} Ng4 {[%emt 0:03:30]} 10. Nh3 {[%emt 0:00:00]} Bd7 {[%emt 0:09:30]} 11. Bg2 {[%emt 0:00:00]} Nc6 {[%emt 0:12:30]} 12. Bxe4 {[%emt 0:02:30]} O-O-O {[%emt 0:03:30]} 13. b4 {[%emt 0:08:30]} f6 {[%emt 0:05:30]} 14. Qb5 {[%emt 0:10:30]} a6 {[%emt 0:09:30]} 15. Qe2 {[%emt 0:24:30]} fxg5 {[%emt 0:05:30]} 16. b5 {[%emt 0:00:30]} axb5 {[%emt 0:00:30]} 17. Qxb5 {[%emt 0:00:30]} Nf6 {[%emt 0:01:30]} 18. Bg2 {[%emt 0:01:30]} Nd5 {[%emt 0:01:30]} 19. c4 {[%emt 0:02:30]} Nb6 {[%emt 0:07:30]} 20. c5 {[%emt 0:00:30]} Nd5 {[%emt 0:02:30]} 21. c4 {[%emt 0:01:30]} Ndb4 {[%emt 0:05:12]} 22. Ba3 {[%emt 0:03:30]} Nxa2+ {[%emt 0:02:56]} 23. Kb2 {[%emt 0:00:30]} Nc3 {[%emt 0:01:53]} 24. Kxc3 {[%emt 0:02:30]} Qf6+ {[%emt 0:00:14]} 25. Kd2 {[%emt 0:00:30]} Be8+ {[%emt 0:04:32]} 26. Kc1 {[%emt 0:01:30]} Qc3+ {[%emt 0:03:16]} 27. Kb1 {[%emt 0:00:30]} Bg6+ {[%emt 0:00:04]} 28. Ka2 {[%emt 0:00:30]} Rxd1 {[%emt 0:00:34]} 29. Rxd1 {[%emt 0:00:30]} Qc2+ {[%emt 0:00:06]} 30. Bb2 {[%emt 0:02:30]} Qxd1 {[%emt 0:00:27]} 31. Bxc6 {[%emt 0:00:30]} bxc6 {[%emt 0:01:17]} 32. Qa6+ {[%emt 0:00:30]} Kd7 {[%emt 0:01:02]} 33. Nxg5 {[%emt 0:01:30]} Rb8 {[%emt 0:00:49]} 0-1

[Event "22nd ECCC Women 2017"]
[Site "Antalya"]
[Date "2017.10.12"]
[Round "3"]
[White "Ozbek, Busra"]
[Black "Sade, Defne"]
[Result "0-1"]
[WhiteElo "1850"]
[BlackElo "1951"]
[Annotator "NA"]
[PlyCount "140"]
[EventType "team-tourn"]
[EventCountry "TUR"]
[WhiteTeam "Mediterranean"]
[BlackTeam "Aegean"]
[TimeControl "40/5400+30:1800+30"]

1. d4 {[%emt 0:00:30]} d5 {[%emt 0:01:00]} 2. Nf3 {[%emt 0:00:30]} Nf6 {[%emt 0:00:30]} 3. e3 {[%emt 0:00:30]} Bf5 {[%emt 0:00:30]} 4. c4 {[%emt 0:00:00]} c6 {[%emt 0:01:30]} 5. Nc3 {[%emt 0:01:00]} e6 {[%emt 0:00:00]} 6. Nh4 {[%emt 0:07:30]} Bg6 {[%emt 0:03:00]} 7. Nxg6 {[%emt 0:00:30]} hxg6 {[%emt 0:00:30]} 8. Qb3 {[%emt 0:00:30]} Qb6 {[%emt 0:03:30]} 9. g3 {[%emt 0:07:30]} Nbd7 {[%emt 0:00:30]} 10. Bg2 {[%emt 0:00:30]} Qxb3 {[%emt 0:07:30]} 11. axb3 {[%emt 0:00:30]} a6 {[%emt 0:00:30]} 12. Bd2 {[%emt 0:04:30]} O-O-O {[%emt 0:04:30]} 13. O-O {[%emt 0:02:30]} Bd6 {[%emt 0:02:30]} 14. Rac1 {[%emt 0:03:30]} Kb8 {[%emt 0:00:30]} 15. Rfd1 {[%emt 0:08:30]} Bc7 {[%emt 0:08:30]} 16. Be1 {[%emt 0:13:30]} Nb6 {[%emt 0:02:30]} 17. Nb1 {[%emt 0:01:30]} Rd7 {[%emt 0:02:30]} 18. Ba5 {[%emt 0:05:30]} Rhd8 {[%emt 0:04:30]} 19. c5 {[%emt 0:04:30]} Nc8 {[%emt 0:01:30]} 20. Bxc7+ {[%emt 0:00:30]} Kxc7 {[%emt 0:00:00]} 21. Nd2 {[%emt 0:00:30]} Ng8 {[%emt 0:01:00]} 22. Bh3 {[%emt 0:02:30]} f5 {[%emt 0:05:30]} 23. Nf3 {[%emt 0:02:30]} Rf7 {[%emt 0:01:30]} 24. Ne5 {[%emt 0:05:30]} Rf6 {[%emt 0:00:30]} 25. Nf3 {[%emt 0:02:30]} Nh6 {[%emt 0:01:30]} 26. Ng5 {[%emt 0:00:30]} Rh8 {[%emt 0:00:30]} 27. Kg2 {[%emt 0:02:30]} Nf7 {[%emt 0:00:30]} 28. f4 {[%emt 0:06:03]} Nxg5 {[%emt 0:03:30]} 29. fxg5 {[%emt 0:00:03]} Rff8 {[%emt 0:00:30]} 30. g4 {[%emt 0:02:13]} Rh4 {[%emt 0:00:30]} 31. gxf5 {[%emt 0:02:16]} gxf5 {[%emt 0:17:30]} 32. Rf1 {[%emt 0:04:23]} Rfh8 {[%emt 0:00:30]} 33. Rf3 {[%emt 0:00:05]} Ne7 {[%emt 0:00:30]} 34. Rcf1 {[%emt 0:01:24]} Ng6 {[%emt 0:00:30]} 35. R1f2 {[%emt 0:01:13]} R8h5 {[%emt 0:05:30]} 36. b4 {[%emt 0:04:44]} Kd7 {[%emt 0:09:35]} 37. Rf1 {[%emt 0:02:43]} Ke7 {[%emt 0:00:33]} 38. R1f2 {[%emt 0:00:49]} Kf7 {[%emt 0:00:47]} 39. Rg3 {[%emt 0:01:22]} Kg8 {[%emt 0:02:10]} 40. Rf1 {[%emt 0:00:00]} Kh7 {[%emt 0:03:25]} 41. Rff3 {[%emt 0:10:42]} Nh8 {[%emt 0:09:30]} 42. Rf2 {[%emt 0:03:49]} Kg6 {[%emt 0:00:30]} 43. Rf4 {[%emt 0:00:23]} Nf7 {[%emt 0:00:30]} 44. Rxh4 {[%emt 0:02:09]} Rxh4 {[%emt 0:00:30]} 45. Kg1 {[%emt 0:01:16]} Nxg5 {[%emt 0:00:30]} 46. Bf1 {[%emt 0:01:33]} Kf6 {[%emt 0:00:30]} 47. Be2 {[%emt 0:00:52]} Ne4 {[%emt 0:00:30]} 48. Rf3 {[%emt 0:01:06]} g5 {[%emt 0:01:30]} 49. Rf1 {[%emt 0:02:10]} e5 {[%emt 0:05:30]} 50. dxe5+ {[%emt 0:02:01]} Kxe5 {[%emt 0:00:30]} 51. Ra1 {[%emt 0:00:11]} Nd2 {[%emt 0:01:30]} 52. b5 {[%emt 0:03:40]} cxb5 {[%emt 0:01:30]} 53. c6 {[%emt 0:00:38]} bxc6 {[%emt 0:01:30]} 54. Rxa6 {[%emt 0:00:07]} Rb4 {[%emt 0:00:45]} 55. Rxc6 {[%emt 0:00:57]} Rxb2 {[%emt 0:02:38]} 56. Bh5 {[%emt 0:01:18]} Nc4 {[%emt 0:00:19]} 57. Be8 {[%emt 0:01:54]} Nxe3 {[%emt 0:00:40]} 58. Rb6 {[%emt 0:01:10]} b4 {[%emt 0:00:11]} 59. Bc6 {[%emt 0:00:56]} Kd4 {[%emt 0:02:07]} 60. Ba4 {[%emt 0:01:04]} Kd3 {[%emt 0:02:10]} 61. h3 {[%emt 0:01:15]} Ke2 {[%emt 0:00:59]} 62. Bb5+ {[%emt 0:01:03]} Ke1 {[%emt 0:00:32]} 63. Rg6 {[%emt 0:00:26]} Rg2+ {[%emt 0:00:32]} 64. Kh1 {[%emt 0:00:02]} b3 {[%emt 0:03:20]} 65. h4 {[%emt 0:00:43]} b2 {[%emt 0:06:45]} 66. Bd3 {[%emt 0:00:16]} Kf2 {[%emt 0:01:26]} 67. Rxg5 {[%emt 0:01:18]} Rxg5 {[%emt 0:02:14]} 68. hxg5 {[%emt 0:00:05]} d4 {[%emt 0:00:25]} 69. g6 {[%emt 0:00:41]} Nd5 {[%emt 0:00:12]} 70. g7 {[%emt 0:00:43]} Ne7 {[%emt 0:00:06]} 0-1

[Event "22nd ECCC Women 2017"]
[Site "Antalya"]
[Date "2017.10.11"]
[Round "4"]
[White "Batsiashvili, Nino"]
[Black "Caglar, Sila"]
[Result "1-0"]
[WhiteElo "2472"]
[BlackElo "2153"]
[Annotator "TA"]
[PlyCount "113"]
[EventType "team-tourn"]
[EventCountry "TUR"]
[SourceTitle "playchess.com"]
[Source "ChessBase"]
[SourceQuality "1"]
[WhiteTeam "Batumi"]
[BlackTeam "Marmara"]

{[%evp 19,113,35,35,31,43,16,68,51,59,48,103,80,65,68,82,83,85,21,50,26,31,35,44,16,28,18,39,11,18,16,35,33,37,0,3,-12,3,0,14,10,26,22,77,68,60,43,77,77,77,72,72,68,110,111,106,121,121,121,103,111,109,103,106,79,83,79,90,79,78,79,278,271,451,454,456,454,650,439,442,445,445,434,375,326,331,333,1997,790,29987,29988,29988,29988,29989,29990,29990,29991]} 1. d4 Nf6 2. c4 e6 3. Nc3 Bb4 4. Nf3 O-O 5. Qc2 d5 6. cxd5 exd5 7. Bg5 {E32: Nimzo-Indian: Classical (4 Qc2): 4...0-0} (7. Bf4 Nbd7 8. e3 Re8 9. Bd3 c5 10. a3 Bxc3+ 11. Qxc3 c4 12. Bc2 Ne4 13. Bxe4 dxe4 14. Nd2 b5 {½-½ (63) Nakamura,H (2792)-Aronian,L (2799) Saint Louis 2017}) 7... c6 8. e3 h6 9. Bh4 Re8 10. Bd3 Bd6 {LiveBook: 3 Games} 11. O-O Bg4 12. Nd2 Na6 $146 (12... g5 $11 13. Bg3 Bxg3 14. hxg3 Qd6) ({Predecessor:} 12... Nbd7 13. f3 Be6 14. f4 Nb6 15. Nf3 {1-0 (42) De Oliveira,J (2538)-Salcedo Mederos,P (2453) ICCF email 2008}) 13. a3 (13. Bxa6 $5 bxa6 14. Rfc1 $11) 13... Nc7 14. Rae1 c5 (14... a6 $14) 15. h3 {Threatens to win with dxc5.} cxd4 16. exd4 Rxe1 17. Rxe1 {And now Bxf6 would win.} Be6 18. Nf1 (18. Nf3 $16) 18... a6 19. Qe2 Nce8 20. Ne3 Qb6 21. Rd1 Qc7 22. Qf3 {[%cal Re3d5]} Rd8 23. Nf5 Bh2+ (23... Bxf5 {seems wilder.} 24. Bxf5 Qb6 25. b4 g5 26. Bg3 Bxg3 27. fxg3 Nc7) 24. Kf1 {Strongly threatening Nxh6+!} Qf4 25. Qxf4 Bxf4 26. Ne3 Rc8 27. Bb1 Bd6 28. Ne2 Nh5 29. f3 g5 30. Be1 Nhg7 (30... Nf4 $11 {remains equal.}) 31. Nc3 Nc7 32. Ba2 {[%cal Rc3d5]} Nf5 33. Nxf5 ({But not} 33. Nexd5 $2 Nxd5 34. Nxd5 Bxd5 $19) 33... Bxf5 34. Nxd5 Nxd5 35. Bxd5 Bc2 36. Bxb7 Rc7 37. Rd2 Bf4 38. Bxa6 Bxd2 39. Bxd2 $16 {[%mdl 4096] Endgame KRB-KB} Bb3 40. Bc3 f5 41. Bb5 Kf7 42. a4 {[%cal Ba3a4,Ba4a5,Ba5a6,Ba6a7][%mdl 32]} Ke6 43. Ke2 Kd5 44. Kd3 f4 $2 (44... Rb7 $16) 45. a5 $18 Re7 $2 {[#]} (45... Rc8 46. a6 h5) 46. a6 $1 h5 47. Ba5 Re3+ 48. Kd2 Kd6 49. a7 Bd5 {[#]} 50. Bc4 $1 {[%mdl 512]} Ba8 (50... Bxc4 51. a8=Q) 51. Bb4+ Kd7 52. d5 {[%cal Bd4d5,Bd5d6,Bd6d7][%mdl 32] aiming for Bb5+.} g4 $2 (52... Re5 53. Kd3 Rxd5+ 54. Bxd5 Bxd5) 53. hxg4 (53. Bb5+ $142 Kc8 54. d6) 53... hxg4 54. Bb5+ {White mates.} Kc8 55. d6 Re5 56. d7+ Kc7 57. Ba5+ {Precision: White = 65%, Black = 39%.} 1-0